读者文摘. 三月号2008 (Record no. 35853)

000 -LEADER
fixed length control field 00482nam a22001697a 4500
003 - CONTROL NUMBER IDENTIFIER
control field MPLRDC
005 - DATE AND TIME OF LATEST TRANSACTION
control field 20220104143023.0
008 - FIXED-LENGTH DATA ELEMENTS--GENERAL INFORMATION
fixed length control field 210129b ||||| |||| 00| 0 eng d
082 ## - DEWEY DECIMAL CLASSIFICATION NUMBER
Classification number 050.1 DZWZ v.3 2008
100 ## - MAIN ENTRY--PERSONAL NAME
Personal name 潘少权总编辑
245 ## - TITLE STATEMENT
Title 读者文摘. 三月号2008
Statement of responsibility, etc.
250 ## - EDITION STATEMENT
Edition statement ISSN 1017-4265
260 ## - PUBLICATION, DISTRIBUTION, ETC.
Place of publication, distribution, etc. 香港
Name of publisher, distributor, etc. 读者文摘远东有限公司
Date of publication, distribution, etc. 2008
300 ## - PHYSICAL DESCRIPTION
Other physical details 144
650 ## - SUBJECT ADDED ENTRY--TOPICAL TERM
Topical term or geographic name entry element 连续性出版品; 期刊--读者文摘
942 ## - ADDED ENTRY ELEMENTS (KOHA)
Koha item type Book
-- 050.1 DZWZ v.3 2008
Holdings
Withdrawn status Lost status Source of classification or shelving scheme Damaged status Not for loan Collection code Home library Current library Shelving location Date acquired Cost, normal purchase price Total Checkouts Total Renewals Full call number Barcode Date last seen Date last checked out Price effective from Koha item type Public note
            Malaysian Public Library, Research and Development Centre Malaysian Public Library, Research and Development Centre   10/12/2007 15.00   1 050.1 DZWZ v.3 2008 00035966 18/03/2021 05/04/2015 18/03/2021 Book mplrdc

© 2022. Malaysian Public Library, Research and Development Centre. All Right ReservedE-mailmplrdc@help.edu.my 

Powered by Koha